000 00999cam a2200229 4500
001 ABS62413
008 000000n2000 000 0 eng u
035 _a(Sirsi) u106613
100 _aBonnett, D.
245 _aTeams for access
260 _c2000
490 _aPremises and Facilities Management
_v June 2000, 38-39(2)
520 _aTakes a practical look at improving access to buildings for all people with disabilities, in the light of "The Customer Access Audit" produced by the Employers Forum on Disability. Sets out a framework for policy and a template audit tool. Chart.
590 _aABS
650 _aDISABILITY DISCRIMINATION ACT 1995
650 _aMANAGEMENT-BUSINESS MANAGEMENT-DISCRIMINATION-DISABILITY DISCRIMINATION-ACCESSIBILITY-ACCESS AUDITS
650 _aDISABILITIES
650 _aCUSTOMER CARE
650 _aMANAGEMENT-BUSINESS MANAGEMENT-DISCRIMINATION-DISABILITY DISCRIMINATION-ACCESSIBILITY
690 _aBUILT ENVIRONMENT-CONSTRUCTION DESIGN
942 _n0
999 _c63838
_d63838